[Event "14. Obert Int. Sant Marti 2012"]
[Site "Barcelona ESP"]
[Date "2012.07.14"]
[Round "2.13"]
[White "Panelo, Marcelo"]
[Black "Espinoza Palomino, Willyam"]
[Result "0-1"]
[WhiteElo "2452"]
[BlackElo "2296"]
[PlyCount "230"]
[EventDate "2012.07.13"]
[EventType "swiss"]
[EventRounds "9"]
[EventCountry "ESP"]
[SourceTitle "Ajedrez en Madrid"]
[Source "lmi"]
[SourceDate "2012.07.13"]
[SourceVersion "1"]
[SourceVersionDate "2019.06.21"]
[SourceQuality "1"]

1. d4 Nf6 2. c4 e6 3. Nf3 Bb4+ 4. Bd2 Qe7 5. g3 Nc6 6. Bg2 Bxd2+ 7. Nbxd2 d6 8.
Nf1 e5 9. Ne3 a5 10. Nd5 Nxd5 11. cxd5 Nb8 12. dxe5 dxe5 13. Qa4+ Bd7 14. Qe4
f6 15. O-O Na6 16. Rac1 O-O 17. Rfd1 Rad8 18. a3 Bc8 19. Qc4 Kh8 20. Qc3 b6 21.
Nd2 a4 22. Qc2 Nc5 23. b4 axb3 24. Nxb3 Na6 25. Qb2 Bd7 26. Rd3 Ba4 27. Nd2 f5
28. Nc4 Nc5 29. Nxe5 Nxd3 30. Nxd3 Qd6 31. Nf4 Bd7 32. h4 Ra8 33. Rc3 Ra4 34.
Qc1 Rfa8 35. Rxc7 Rxa3 36. Kh2 Ra1 37. Qc3 R1a3 38. Qc2 Ra2 39. Qc3 R2a3 40.
Rxd7 Qxd7 41. Qe5 Re8 42. Ne6 Qf7 43. Qd6 Raa8 44. Qxb6 Qa7 45. Qb2 Qa1 46. Qc2
Qe5 47. Nf4 Rac8 48. Qa2 Ra8 49. Qd2 Rad8 50. Bf3 Rd6 51. Kg2 Rc8 52. h5 Rb8
53. Qa2 Rdb6 54. Nd3 Qd6 55. Qa4 Rb3 56. Qd4 Rxd3 57. Qxd3 Qe5 58. Qa6 Qf6 59.
Qa7 Rd8 60. Qe3 h6 61. Qf4 Qg5 62. Qc7 Qf6 63. e3 Qd6 64. Qc4 Qe5 65. Qd3 Rd6
66. Kh2 Kg8 67. Qd1 Rd8 68. Qd3 Rd6 69. Bg2 Qf6 70. Bh3 Qe5 71. Qxf5 Rxd5 72.
Qe6+ Kf8 73. Qc8+ Ke7 74. Bg4 Rd2 75. Qb7+ Kd8 76. Kg1 Rd6 77. Qf7 Qf6 78. Qg8+
Ke7 79. Qb8 Rd8 80. Qc7+ Kf8 81. e4 Qe7 82. Qc4 Qg5 83. Be2 Qe5 84. Bf3 Rd6 85.
Qc8+ Kf7 86. Be2 Qxe4 87. Bc4+ Ke7 88. Qc7+ Rd7 89. Qc5+ Kd8 90. Kh2 Qd4 91.
Qf8+ Kc7 92. Be6 Rd8 93. Qe7+ Kb6 94. f4 Rd6 95. Bg4 Rc6 96. Kh3 Rc3 97. Qe6+
Rc6 98. Qb3+ Kc5 99. Bf3 Rb6 100. Qa3+ Qb4 101. Qc1+ Qc4 102. Qe3+ Qd4 103.
Qe7+ Kc4 104. Qc7+ Kd3 105. Qc1 Qf2 106. Qa3+ Kc4 107. Qa4+ Rb4 108. Qc6+ Kd3
109. Qg6+ Ke3 110. Bd5 Qd2 111. Qe6+ Kf2 112. Qe5 Rb5 113. Qxg7 Qxd5 114. Qxh6
Qh1+ 115. Kg4 Qf3+ 0-1

[Event "14. Obert Int. Sant Marti 2012"]
[Site "Barcelona ESP"]
[Date "2012.07.14"]
[Round "2.14"]
[White "Zsinka, Laszlo"]
[Black "Gonzalez Perez, Arian"]
[Result "0-1"]
[WhiteElo "2291"]
[BlackElo "2452"]
[PlyCount "86"]
[EventDate "2012.07.13"]
[EventType "swiss"]
[EventRounds "9"]
[EventCountry "ESP"]
[SourceTitle "Ajedrez en Madrid"]
[Source "lmi"]
[SourceDate "2012.07.13"]
[SourceVersion "1"]
[SourceVersionDate "2019.06.21"]
[SourceQuality "1"]

1. d4 Nf6 2. c4 c5 3. d5 b5 4. Bg5 Ne4 5. Bf4 Qa5+ 6. Nd2 g5 7. Be5 Rg8 8. f3
Qxd2+ 9. Qxd2 Nxd2 10. Kxd2 d6 11. Bg3 bxc4 12. e4 Bg7 13. Bxc4 Bxb2 14. Rb1
Bf6 15. Ne2 Nd7 16. Bb5 Kd8 17. a4 Rb8 18. a5 a6 19. Bc6 Rxb1 20. Rxb1 Kc7 21.
Nc3 Nb8 22. Ba8 Bxc3+ 23. Kxc3 Nd7 24. Bc6 f6 25. Ba4 Ne5 26. Rb6 Bd7 27. Bxd7
Nxd7 28. Rxa6 Kb7 29. Rc6 Ra8 30. Bxd6 exd6 31. Rxd6 Ne5 32. Rxf6 Rxa5 33. Rf5
Ra3+ 34. Kc2 Nd3 35. Rxg5 c4 36. Rg7+ Kb6 37. Rg8 Nb4+ 38. Kd2 c3+ 39. Ke2 Kc5
40. Rc8+ Kd4 41. d6 Nd3 42. g3 Ra2+ 43. Kf1 Nc5 0-1

[Event "14. Obert Int. Sant Marti 2012"]
[Site "Barcelona ESP"]
[Date "2012.07.14"]
[Round "2.15"]
[White "Alarcon Casellas, Rolando"]
[Black "Krishna, C R G.."]
[Result "1/2-1/2"]
[WhiteElo "2436"]
[BlackElo "2273"]
[PlyCount "150"]
[EventDate "2012.07.13"]
[EventType "swiss"]
[EventRounds "9"]
[EventCountry "ESP"]
[SourceTitle "Ajedrez en Madrid"]
[Source "lmi"]
[SourceDate "2012.07.13"]
[SourceVersion "1"]
[SourceVersionDate "2019.06.21"]
[SourceQuality "1"]

1. d4 Nf6 2. Bg5 e6 3. e3 c5 4. c3 Be7 5. Nd2 O-O 6. Ngf3 cxd4 7. exd4 b6 8.
Bd3 Bb7 9. O-O d6 10. Re1 Nbd7 11. a4 Nd5 12. Bxe7 Qxe7 13. a5 N7f6 14. Qb3 Qc7
15. g3 Bc6 16. c4 Ne7 17. Qc3 Rfc8 18. Bf1 Rab8 19. axb6 Qxb6 20. Qa3 Bxf3 21.
Nxf3 Rc7 22. b4 Nc6 23. b5 Nxd4 24. Nxd4 Qxd4 25. Red1 Qc5 26. Rxd6 Qf5 27.
Rad1 h6 28. Rd8+ Rxd8 29. Rxd8+ Kh7 30. Bd3 Ne4 31. Qb2 Qg5 32. Bxe4+ f5 33.
Qd2 fxe4 34. Qxg5 hxg5 35. Rd4 Kg6 36. Rxe4 Kf5 37. f3 a6 38. bxa6 Ra7 39. g4+
Kf6 40. c5 Rxa6 41. Rc4 Rc6 42. Kf2 Ke5 43. Ke3 Kd5 44. Rd4+ Ke5 45. Re4+ Kd5
46. Rd4+ Ke5 47. Rd7 g6 48. h4 Rxc5 49. Rf7 gxh4 50. f4+ Kd6 51. Rg7 g5 52.
fxg5 Ke5 53. Kf3 Rc3+ 54. Kf2 Rg3 55. g6 Rxg4 56. Rh7 Kf6 57. g7 Kf7 58. Kf3
Rxg7 59. Rxh4 Kf6 60. Ke2 e5 61. Rh3 Kf5 62. Ra3 Rg2+ 63. Kf1 Rb2 64. Ke1 Kf4
65. Rc3 e4 66. Ra3 Rb4 67. Rc3 Ke5 68. Rh3 Kd4 69. Rg3 Rc4 70. Ke2 Rc2+ 71. Ke1
Rc3 72. Rxc3 Kxc3 73. Ke2 Kd4 74. Kd2 e3+ 75. Ke2 Ke4 1/2-1/2

[Event "14. Obert Int. Sant Marti 2012"]
[Site "Barcelona ESP"]
[Date "2012.07.14"]
[Round "2.16"]
[White "Uribe Arteaga, Daniel"]
[Black "Prasanna, Raghuram Rao"]
[Result "0-1"]
[WhiteElo "2272"]
[BlackElo "2428"]
[PlyCount "118"]
[EventDate "2012.07.13"]
[EventType "swiss"]
[EventRounds "9"]
[EventCountry "ESP"]
[SourceTitle "Ajedrez en Madrid"]
[Source "lmi"]
[SourceDate "2012.07.13"]
[SourceVersion "1"]
[SourceVersionDate "2019.06.21"]
[SourceQuality "1"]

1. d4 Nf6 2. Nf3 e6 3. e3 d5 4. Nbd2 c5 5. c3 Bd6 6. Bd3 O-O 7. O-O Nc6 8. Qe2
e5 9. dxe5 Nxe5 10. Nxe5 Bxe5 11. e4 Re8 12. f4 dxe4 13. Nxe4 Bd4+ 14. cxd4
Nxe4 15. Bb5 Bd7 16. Bxd7 Qxd7 17. dxc5 Ng3 18. Qd1 Ne2+ 19. Kh1 Qb5 20. Bd2
Qxb2 21. Ba5 b6 22. cxb6 axb6 23. Rb1 Qxa2 24. Bb4 Rad8 25. Qe1 Nxf4 26. Qg3
Nd5 27. Ra1 Qe2 28. Rae1 Qc4 29. Bd2 Rxe1 30. Rxe1 Qc6 31. h3 h6 32. Qh4 Re8
33. Rc1 Qd6 34. Qd4 Qe5 35. Qa4 Qe4 36. Qc6 Re6 37. Qa8+ Kh7 38. Rc8 Qd4 39.
Rh8+ Kg6 40. Qa2 Re2 41. Qc2+ Qe4 42. Qxe4+ Rxe4 43. Rd8 Rd4 44. Be1 Rd1 45.
Rd6+ Kf5 46. Kh2 Ne3 47. Rxd1 Nxd1 48. Bb4 g6 49. g4+ Ke4 50. Kg3 f5 51. Bd2 h5
52. gxh5 gxh5 53. Bf4 b5 54. Bd6 Ne3 55. Kh4 f4 56. Bc5 f3 57. Kg3 Nd5 58. Bf8
b4 59. Bh6 b3 0-1

[Event "14. Obert Int. Sant Marti 2012"]
[Site "Barcelona ESP"]
[Date "2012.07.14"]
[Round "2.17"]
[White "Vigoa Apecheche, Yanira"]
[Black "Lorenzo De La Riva, Lazaro"]
[Result "1/2-1/2"]
[WhiteElo "2269"]
[BlackElo "2422"]
[PlyCount "116"]
[EventDate "2012.07.13"]
[EventType "swiss"]
[EventRounds "9"]
[EventCountry "ESP"]
[SourceTitle "Ajedrez en Madrid"]
[Source "lmi"]
[SourceDate "2012.07.13"]
[SourceVersion "1"]
[SourceVersionDate "2019.06.21"]
[SourceQuality "1"]

1. d4 g6 2. Nf3 Bg7 3. g3 Nf6 4. Bg2 O-O 5. O-O d6 6. c4 Nc6 7. Nc3 a6 8. e4 e5
9. d5 Ne7 10. b4 a5 11. bxa5 Rxa5 12. a4 Nd7 13. Ba3 Nc5 14. Nd2 Ra6 15. Bxc5
dxc5 16. Nb3 b6 17. a5 Bb7 18. Qb1 Qd6 19. Nb5 Qd7 20. Rd1 Nc8 21. axb6 cxb6
22. Nd2 Nd6 23. Nxd6 Qxd6 24. Rxa6 Bxa6 25. Qb3 Bh6 26. Nb1 f5 27. Nc3 f4 28.
Qa4 Bb7 29. Nb5 Qf6 30. Qc2 Ra8 31. Bh3 Bg5 32. Nc7 Rb8 33. Be6+ Kh8 34. Qb2
fxg3 35. hxg3 h5 36. Kg2 Rf8 37. Qe2 Qg7 38. Nb5 Ba6 39. Rb1 Bxb5 40. Rxb5 Bd8
41. Rb3 Qf6 42. Rf3 Qxf3+ 43. Qxf3 Rxf3 44. Kxf3 Bc7 45. Ke2 Kg7 46. Ke3 g5 47.
Kd3 Kf6 48. Kc3 h4 49. Bg4 Ke7 50. Kb3 Kd6 51. Ka4 Bd8 52. Kb5 Kc7 53. Ka6 Be7
54. gxh4 gxh4 55. f4 Bf6 56. fxe5 Bxe5 57. Kb5 Bg3 58. Bh3 Bf4 1/2-1/2

[Event "14. Obert Int. Sant Marti 2012"]
[Site "Barcelona ESP"]
[Date "2012.07.14"]
[Round "2.18"]
[White "Laxman, R R.."]
[Black "Vilalta Vidal, Javier"]
[Result "1-0"]
[WhiteElo "2422"]
[BlackElo "1942"]
[PlyCount "55"]
[EventDate "2012.07.13"]
[EventType "swiss"]
[EventRounds "9"]
[EventCountry "ESP"]
[SourceTitle "Ajedrez en Madrid"]
[Source "lmi"]
[SourceDate "2012.07.13"]
[SourceVersion "1"]
[SourceVersionDate "2019.06.21"]
[SourceQuality "1"]

1. Nf3 d5 2. d4 Nf6 3. c4 c6 4. e3 e6 5. Bd3 Nbd7 6. O-O dxc4 7. Bxc4 b5 8. Bd3
Bb7 9. e4 Be7 10. Qe2 O-O 11. e5 Nd5 12. Qe4 g6 13. Bh6 Re8 14. Nbd2 a6 15. h4
c5 16. Qg4 cxd4 17. h5 Nf8 18. hxg6 hxg6 19. Rae1 Nb4 20. Be4 Bxe4 21. Nxe4 Nd5
22. g3 Rc8 23. Kg2 Qd7 24. Bg5 Nh7 25. Rh1 Kg7 26. Rxh7+ Kxh7 27. Qh4+ Kg7 28.
Qh6+ 1-0

[Event "14. Obert Int. Sant Marti 2012"]
[Site "Barcelona ESP"]
[Date "2012.07.14"]
[Round "2.19"]
[White "Deleyn, Gunter"]
[Black "Cruz, Jonathan"]
[Result "0-1"]
[WhiteElo "2197"]
[BlackElo "2418"]
[PlyCount "112"]
[EventDate "2012.07.13"]
[EventType "swiss"]
[EventRounds "9"]
[EventCountry "ESP"]
[SourceTitle "Ajedrez en Madrid"]
[Source "lmi"]
[SourceDate "2012.07.13"]
[SourceVersion "1"]
[SourceVersionDate "2019.06.21"]
[SourceQuality "1"]

1. g3 d5 2. Bg2 e5 3. d3 Nc6 4. a3 a5 5. Nf3 Nf6 6. O-O Be7 7. b3 O-O 8. Bb2 d4
9. c3 Be6 10. Nbd2 Re8 11. Nc4 dxc3 12. Bxc3 Nd5 13. Bb2 f6 14. e4 Nb6 15. Nxb6
cxb6 16. d4 exd4 17. Nxd4 Nxd4 18. Bxd4 Bc5 19. Bxc5 bxc5 20. Qc2 Qb6 21. Rab1
Red8 22. Rfc1 Rac8 23. e5 fxe5 24. Qe4 Rd2 25. Qxb7 Qd6 26. Qe4 Rf8 27. Rf1 Bf5
28. Qc4+ Kh8 29. Rbc1 Bd3 30. Qxc5 Qxc5 31. Rxc5 Bxf1 32. Bxf1 Rdxf2 33. Bc4 a4
34. Rxe5 Rc2 35. Re4 Rc8 36. Be6 Rd8 37. Re1 axb3 38. Bxb3 Rc3 39. Bd5 Rxa3 40.
Re2 Rd3 41. Be4 Rd2 42. Kf2 g5 43. h3 Kg7 44. Bf3 Kf6 45. h4 h6 46. hxg5+ hxg5
47. Bg4 Rxe2+ 48. Kxe2 Ke5 49. Ke3 Ra8 50. Bh5 Ra3+ 51. Kf2 Kf5 52. Be8 Ra2+
53. Kf3 g4+ 54. Ke3 Rg2 55. Bc6 Rxg3+ 56. Kf2 Rc3 0-1

[Event "14. Obert Int. Sant Marti 2012"]
[Site "Barcelona ESP"]
[Date "2012.07.14"]
[Round "2.20"]
[White "Pogorelov, Ruslan"]
[Black "Porta Tovar, Oriol"]
[Result "1-0"]
[WhiteElo "2417"]
[BlackElo "1900"]
[PlyCount "113"]
[EventDate "2012.07.13"]
[EventType "swiss"]
[EventRounds "9"]
[EventCountry "ESP"]
[SourceTitle "Ajedrez en Madrid"]
[Source "lmi"]
[SourceDate "2012.07.13"]
[SourceVersion "1"]
[SourceVersionDate "2019.06.21"]
[SourceQuality "1"]

1. Nf3 Nf6 2. c4 g6 3. Nc3 Bg7 4. e4 d6 5. d4 O-O 6. Be2 e5 7. Be3 Nc6 8. d5
Ne7 9. Nd2 Ne8 10. b4 f5 11. f3 b6 12. O-O f4 13. Bf2 c5 14. dxc6 Nxc6 15. c5
dxc5 16. Bc4+ Kh8 17. bxc5 Nd4 18. Bd5 Ba6 19. Bxa8 Bxf1 20. Qxf1 Qxa8 21. cxb6
axb6 22. Nb3 Nc7 23. Nxd4 exd4 24. Nb5 Nxb5 25. Qxb5 Qa5 26. Qd7 Qd2 27. Re1
Qxa2 28. Bxd4 Bxd4+ 29. Qxd4+ Kg8 30. Qxb6 Ra8 31. h4 Qa7 32. Qxa7 Rxa7 33. h5
Ra5 34. hxg6 hxg6 35. Rd1 Kf7 36. Rd5 Ra8 37. g3 fxg3 38. Kg2 Kf6 39. Kxg3 Ra3
40. Kf4 Ra6 41. Rb5 Ra3 42. e5+ Kf7 43. Rb7+ Ke6 44. Rb6+ Kf7 45. Rf6+ Kg7 46.
Kg5 Re3 47. Rxg6+ Kh7 48. Rh6+ Kg7 49. f4 Rg3+ 50. Kh4 Rg1 51. Ra6 Kf7 52. Kh5
Rg2 53. f5 Rg1 54. Ra7+ Kf8 55. e6 Rg2 56. f6 Kg8 57. Ra8+ 1-0

[Event "14. Obert Int. Sant Marti 2012"]
[Site "Barcelona ESP"]
[Date "2012.07.14"]
[Round "2.21"]
[White "Khairullin, Adel"]
[Black "Gonzalez Rodriguez, Jorge A"]
[Result "1/2-1/2"]
[WhiteElo "2004"]
[BlackElo "2410"]
[PlyCount "46"]
[EventDate "2012.07.13"]
[EventType "swiss"]
[EventRounds "9"]
[EventCountry "ESP"]
[SourceTitle "Ajedrez en Madrid"]
[Source "lmi"]
[SourceDate "2012.07.13"]
[SourceVersion "1"]
[SourceVersionDate "2019.06.21"]
[SourceQuality "1"]

1. e4 e6 2. d4 d5 3. exd5 exd5 4. Bd3 Bd6 5. Qf3 Ne7 6. Ne2 O-O 7. O-O b6 8. c3
c5 9. c4 dxc4 10. Be4 Nbc6 11. Bxc6 Nxc6 12. Qxc6 Bg4 13. dxc5 Bxe2 14. cxd6
Bxf1 15. Kxf1 Qf6 16. Nc3 Rad8 17. Qxc4 Rxd6 18. Be3 Rfd8 19. Re1 R6d7 20. Qb5
h6 21. Qb3 Rd3 22. Qa4 R3d7 23. Qb3 Rd3 1/2-1/2

[Event "14. Obert Int. Sant Marti 2012"]
[Site "Barcelona ESP"]
[Date "2012.07.14"]
[Round "2.22"]
[White "Hernandez Carmenates, Holden"]
[Black "Umudova, Nargiz"]
[Result "1-0"]
[WhiteElo "2569"]
[BlackElo "2210"]
[PlyCount "101"]
[EventDate "2012.07.13"]
[EventType "swiss"]
[EventRounds "9"]
[EventCountry "ESP"]
[SourceTitle "Ajedrez en Madrid"]
[Source "lmi"]
[SourceDate "2012.07.13"]
[SourceVersion "1"]
[SourceVersionDate "2019.06.21"]
[SourceQuality "1"]

1. d4 Nf6 2. c4 g6 3. f3 c5 4. d5 b5 5. e4 d6 6. Ne2 Bg7 7. cxb5 a6 8. Nec3 O-O
9. Na3 Nfd7 10. Be2 axb5 11. Naxb5 Na6 12. O-O Nb6 13. Bg5 h6 14. Be3 Bd7 15.
Qd2 Kh7 16. f4 Nc7 17. Nxc7 Qxc7 18. f5 Na4 19. fxg6+ fxg6 20. Rxf8 Bxf8 21.
Rf1 Bg7 22. Nd1 Be8 23. Rf3 h5 24. b3 Nb6 25. g4 Nd7 26. gxh5 Ne5 27. Rh3 Qa5
28. hxg6+ Kg8 29. Qxa5 Rxa5 30. a4 Bxg6 31. Nf2 Ra8 32. Bb5 Be8 33. Bxe8 Rxe8
34. Rg3 Kf7 35. Nh3 Bf6 36. Ng5+ Bxg5 37. Bxg5 Ra8 38. Bf4 Ng6 39. Bd2 c4 40.
a5 cxb3 41. Rxb3 Ne5 42. Bc3 Nd7 43. Rb5 Rc8 44. Bb4 Nf6 45. a6 Nxe4 46. a7 Ra8
47. Rb7 Kf6 48. h4 Ng3 49. Kg2 Nf5 50. Bc3+ Kg6 51. Ba5 1-0

[Event "14. Obert Int. Sant Marti 2012"]
[Site "Barcelona ESP"]
[Date "2012.07.14"]
[Round "2.23"]
[White "Lopez Martinez, Josep Manuel"]
[Black "Aranda Gonzalez, Jose"]
[Result "1-0"]
[WhiteElo "2509"]
[BlackElo "2245"]
[PlyCount "41"]
[EventDate "2012.07.13"]
[EventType "swiss"]
[EventRounds "9"]
[EventCountry "ESP"]
[SourceTitle "Ajedrez en Madrid"]
[Source "lmi"]
[SourceDate "2012.07.13"]
[SourceVersion "1"]
[SourceVersionDate "2019.06.21"]
[SourceQuality "1"]

1. d4 d5 2. c4 c6 3. Nf3 dxc4 4. e3 Be6 5. Be2 Nf6 6. O-O Nbd7 7. Qc2 c5 8. Rd1
Bd5 9. Nc3 cxd4 10. Nxd4 e5 11. Nxd5 Nxd5 12. Nf3 Nb4 13. Qxc4 Qc8 14. a3 Nc6
15. Ng5 Nd8 16. Qb3 a6 17. Bc4 Nc5 18. Bxf7+ Ke7 19. Qd5 Kf6 20. f4 exf4 21.
Qd4+ 1-0

[Event "14. Obert Int. Sant Marti 2012"]
[Site "Barcelona ESP"]
[Date "2012.07.14"]
[Round "2.24"]
[White "Tarrago Domingo, Miguel"]
[Black "Venkatesh, M R.."]
[Result "0-1"]
[WhiteElo "2046"]
[BlackElo "2506"]
[PlyCount "60"]
[EventDate "2012.07.13"]
[EventType "swiss"]
[EventRounds "9"]
[EventCountry "ESP"]
[SourceTitle "Ajedrez en Madrid"]
[Source "lmi"]
[SourceDate "2012.07.13"]
[SourceVersion "1"]
[SourceVersionDate "2019.06.21"]
[SourceQuality "1"]

1. Nf3 Nf6 2. c4 g6 3. g3 Bg7 4. Bg2 d6 5. d4 O-O 6. Nc3 Nbd7 7. O-O e5 8. dxe5
dxe5 9. Bg5 h6 10. Bxf6 Qxf6 11. Nd5 Qd6 12. e4 c6 13. Ne3 Qe7 14. Qc2 a5 15.
Rad1 Nc5 16. Rd2 Ne6 17. Qd3 Rd8 18. Qe2 Nd4 19. Nxd4 exd4 20. Nc2 Qc5 21. b3
b5 22. cxb5 cxb5 23. Ne1 b4 24. Nd3 Qb6 25. Rc1 Ba6 26. Rdc2 Bb5 27. Qd2 Ra7
28. Rc8 Rxc8 29. Rxc8+ Kh7 30. f3 Qa6 0-1

[Event "14. Obert Int. Sant Marti 2012"]
[Site "Barcelona ESP"]
[Date "2012.07.14"]
[Round "2.25"]
[White "Rojas Keim, Luis"]
[Black "Molinero Martin, Joan"]
[Result "1-0"]
[WhiteElo "2426"]
[BlackElo "2046"]
[PlyCount "51"]
[EventDate "2012.07.13"]
[EventType "swiss"]
[EventRounds "9"]
[EventCountry "ESP"]
[SourceTitle "Ajedrez en Madrid"]
[Source "lmi"]
[SourceDate "2012.07.13"]
[SourceVersion "1"]
[SourceVersionDate "2019.06.21"]
[SourceQuality "1"]

1. e4 c6 2. c4 d5 3. exd5 cxd5 4. cxd5 Qxd5 5. Nc3 Qa5 6. d4 Nf6 7. Nf3 e6 8.
Bd3 Bd6 9. O-O a6 10. Re1 O-O 11. Ne5 Nc6 12. Bf4 Qc7 13. Rc1 Bd7 14. Qf3 Rad8
15. Qh3 g6 16. Bg5 Be7 17. Ne4 Nxe4 18. Bxe7 Nd6 19. Qh6 f5 20. Bxf8 Rxf8 21.
Nxg6 Rf7 22. Ne5 Re7 23. Re3 Be8 24. Rg3+ Rg7 25. Rxg7+ Qxg7 26. Qxe6+ 1-0

[Event "14. Obert Int. Sant Marti 2012"]
[Site "Barcelona ESP"]
[Date "2012.07.14"]
[Round "2.26"]
[White "Cruz, Filemon"]
[Black "Ginesta Caballero, Olga Lucia"]
[Result "1-0"]
[WhiteElo "2404"]
[BlackElo "2093"]
[PlyCount "135"]
[EventDate "2012.07.13"]
[EventType "swiss"]
[EventRounds "9"]
[EventCountry "ESP"]
[SourceTitle "Ajedrez en Madrid"]
[Source "lmi"]
[SourceDate "2012.07.13"]
[SourceVersion "1"]
[SourceVersionDate "2019.06.21"]
[SourceQuality "1"]

1. c4 f5 2. d4 Nf6 3. g3 e6 4. Bg2 Bb4+ 5. Nd2 O-O 6. Ngf3 d5 7. O-O c6 8. Ne5
Nbd7 9. Ndf3 Ne4 10. Qc2 Be7 11. b3 Qe8 12. Nd3 g5 13. Nfe5 Qh5 14. f3 Nef6 15.
e3 Nxe5 16. dxe5 Nd7 17. f4 h6 18. cxd5 cxd5 19. a4 Qf7 20. a5 b6 21. axb6 Nxb6
22. Ba3 Ba6 23. Bxe7 Bxd3 24. Qxd3 Qxe7 25. g4 Rad8 26. gxf5 exf5 27. fxg5 Qxe5
28. gxh6 Rd6 29. h7+ Kxh7 30. Rxa7+ Kh8 31. Rf4 Rh6 32. Qd4 Qxd4 33. exd4 Rh7
34. Ra5 Rg7 35. Rb5 Rf6 36. Kf2 Rc7 37. Rc5 Ra7 38. Rh4+ Kg7 39. Bxd5 Ra2+ 40.
Ke3 Kg6 41. Bf3 Rb2 42. Bd1 Re6+ 43. Kd3 Rb1 44. Bc2 Rbe1 45. Rh3 Nd7 46. Rg3+
Kf6 47. Rd5 f4 48. Rf3 R1e3+ 49. Rxe3 Rxe3+ 50. Kd2 Ke6 51. Rf5 Rh3 52. Rxf4
Rxh2+ 53. Kc3 Kd6 54. Be4 Rh3+ 55. Kb4 Re3 56. Bf3 Re8 57. Bg4 Rb8+ 58. Kc3 Nb6
59. Rf6+ Kc7 60. Bf3 Kd7 61. Rh6 Ke7 62. Bc6 Rc8 63. Kb4 Rg8 64. Kb5 Nc8 65.
Kc5 Rg1 66. Rh7+ Kf6 67. Bd5 Ne7 68. Rf7+ 1-0

[Event "14. Obert Int. Sant Marti 2012"]
[Site "Barcelona ESP"]
[Date "2012.07.14"]
[Round "2.27"]
[White "Jaramillo Ochoa, Mateo"]
[Black "Perpinya Rofes, Lluis Maria"]
[Result "0-1"]
[WhiteElo "2030"]
[BlackElo "2401"]
[PlyCount "68"]
[EventDate "2012.07.13"]
[EventType "swiss"]
[EventRounds "9"]
[EventCountry "ESP"]
[SourceTitle "Ajedrez en Madrid"]
[Source "lmi"]
[SourceDate "2012.07.13"]
[SourceVersion "1"]
[SourceVersionDate "2019.06.21"]
[SourceQuality "1"]

1. e4 c5 2. Nf3 Nc6 3. d4 cxd4 4. Nxd4 Nf6 5. Nc3 d6 6. Bg5 e6 7. Qd2 a6 8.
O-O-O Bd7 9. f3 Be7 10. Kb1 Qc7 11. Nxc6 Bxc6 12. Be3 O-O 13. g4 b5 14. g5 Nd7
15. Ne2 Rac8 16. Nd4 Bb7 17. h4 d5 18. exd5 Bxd5 19. Qf2 Ne5 20. Bd3 Rfd8 21.
h5 Qa5 22. Nb3 Bxb3 23. axb3 Nxd3 24. Rxd3 Rxd3 25. cxd3 Qd8 26. Qd2 Qd5 27. g6
fxg6 28. hxg6 hxg6 29. Rh3 Bf6 30. Qd1 Rd8 31. Kc2 a5 32. Bc1 a4 33. bxa4 Qa2
34. a5 Qa4+ 0-1

[Event "14. Obert Int. Sant Marti 2012"]
[Site "Barcelona ESP"]
[Date "2012.07.14"]
[Round "2.28"]
[White "Saptarshi, Roy"]
[Black "Masferrer Niubo, Enric"]
[Result "1-0"]
[WhiteElo "2389"]
[BlackElo "2000"]
[PlyCount "29"]
[EventDate "2012.07.13"]
[EventType "swiss"]
[EventRounds "9"]
[EventCountry "ESP"]
[SourceTitle "Ajedrez en Madrid"]
[Source "lmi"]
[SourceDate "2012.07.13"]
[SourceVersion "1"]
[SourceVersionDate "2019.06.21"]
[SourceQuality "1"]

1. e4 e5 2. d4 exd4 3. Qxd4 Nc6 4. Qe3 Nf6 5. Nc3 d6 6. Bd2 Be6 7. O-O-O Be7 8.
f4 g6 9. Nf3 O-O 10. f5 gxf5 11. Bd3 Ng4 12. Qf4 fxe4 13. Qxe4 Nf6 14. Qh4 Qd7
15. Bg5 1-0

[Event "14. Obert Int. Sant Marti 2012"]
[Site "Barcelona ESP"]
[Date "2012.07.14"]
[Round "2.29"]
[White "Isgandarova, Khayala"]
[Black "Grafl, Florian"]
[Result "1/2-1/2"]
[WhiteElo "2206"]
[BlackElo "2387"]
[PlyCount "22"]
[EventDate "2012.07.13"]
[EventType "swiss"]
[EventRounds "9"]
[EventCountry "ESP"]
[SourceTitle "Ajedrez en Madrid"]
[Source "lmi"]
[SourceDate "2012.07.13"]
[SourceVersion "1"]
[SourceVersionDate "2019.06.21"]
[SourceQuality "1"]

1. e4 d5 2. exd5 Qxd5 3. Nc3 Qd6 4. d4 g6 5. Nb5 Qb6 6. d5 a6 7. Be3 Qa5+ 8.
Bd2 Qb6 9. Be3 Qa5+ 10. Bd2 Qb6 11. Be3 Qa5+ 1/2-1/2

[Event "14. Obert Int. Sant Marti 2012"]
[Site "Barcelona ESP"]
[Date "2012.07.14"]
[Round "2.30"]
[White "Larduet Despaigne, Carlos"]
[Black "Fernandez Aguilar, Francisco"]
[Result "1-0"]
[WhiteElo "2370"]
[BlackElo "1946"]
[PlyCount "49"]
[EventDate "2012.07.13"]
[EventType "swiss"]
[EventRounds "9"]
[EventCountry "ESP"]
[SourceTitle "Ajedrez en Madrid"]
[Source "lmi"]
[SourceDate "2012.07.13"]
[SourceVersion "1"]
[SourceVersionDate "2019.06.21"]
[SourceQuality "1"]

1. e4 e5 2. Nf3 Nc6 3. Bb5 f5 4. exf5 e4 5. Qe2 Qe7 6. Bxc6 dxc6 7. Nd4 Nh6 8.
O-O Nxf5 9. Nb3 a5 10. a4 Nd6 11. Re1 Bf5 12. Nc3 b6 13. Nd4 Bd7 14. Nxe4 Nxe4
15. Qxe4 Qxe4 16. Rxe4+ Kf7 17. d3 Bd6 18. Bf4 h6 19. Rae1 Rae8 20. Rxe8 Rxe8
21. Rxe8 Bxe8 22. Bxd6 cxd6 23. Nf5 Kf6 24. Nxd6 Bh5 25. f3 1-0

[Event "14. Obert Int. Sant Marti 2012"]
[Site "Barcelona ESP"]
[Date "2012.07.14"]
[Round "2.31"]
[White "Paljusaj, Edmond"]
[Black "Lopez Forn, Marc"]
[Result "0-1"]
[WhiteElo "2334"]
[BlackElo "2032"]
[PlyCount "64"]
[EventDate "2012.07.13"]
[EventType "swiss"]
[EventRounds "9"]
[EventCountry "ESP"]
[SourceTitle "Ajedrez en Madrid"]
[Source "lmi"]
[SourceDate "2012.07.13"]
[SourceVersion "1"]
[SourceVersionDate "2019.06.21"]
[SourceQuality "1"]

1. e4 d5 2. Nc3 d4 3. Nce2 e5 4. d3 Nc6 5. g3 Bd6 6. Bg2 Bg4 7. h3 Bh5 8. Nf3
Nge7 9. O-O Qd7 10. Nh4 f6 11. g4 Bf7 12. Nf5 Nxf5 13. exf5 h5 14. Ng3 hxg4 15.
hxg4 O-O-O 16. Ne4 Bd5 17. a3 Ne7 18. c4 dxc3 19. bxc3 Nxf5 20. gxf5 Qxf5 21.
Ng3 Qh7 22. Qg4+ Kb8 23. f3 Qxd3 24. Ne4 Bxe4 25. fxe4 Bc5+ 26. Rf2 Qd1+ 27.
Qxd1 Rxd1+ 28. Bf1 Bxf2+ 29. Kxf2 Rh1 30. Be2 Rxc1 31. Ra2 Rxc3 32. Rd2 a5 0-1